| 000 | nam a22 7a 4500 | ||
|---|---|---|---|
| 999 |
_c3658 _d3658 |
||
| 005 | 20170523144731.0 | ||
| 008 | 170523b1985 ny ||||| |||| 00| 0 eng d | ||
| 020 |
_a0442287461 (pbk.) : _c$18.95 |
||
| 020 |
_a0442287488 (hard) : _c$24.95 |
||
| 040 | _aAKMAL | ||
| 082 | _a690.38 CAR | ||
| 090 |
_a690.38 _bCAR |
||
| 100 | 1 |
_aCarmody, John. _97232 |
|
| 245 | 1 | 0 |
_aEarth sheltered housing design / _cJohn Carmody, Raymond Sterling ; Underground Space Center, University of Minnesota |
| 250 | _a2nd ed. | ||
| 260 |
_aNew York : _b Van Nostrand Reinhold, _c c1985 |
||
| 300 |
_a350 p. : _bill. ; _c21 x 27 cm |
||
| 500 | _a Rev. ed. of: Earth sheltered housing design / Underground Space Center, University of Minnesota. 1979. | ||
| 500 | _a Includes index. | ||
| 504 | _aIncludes bibliography. | ||
| 650 | 0 |
_aEarth sheltered houses _x Design and construction _97230 |
|
| 700 | 1 |
_aSterling, Raymond. _97229 |
|
| 710 | 2 |
_aUniversity of Minnesota. _bUnderground Space Center. _97233 |
|
| 942 |
_2ddc _cBOOK |
||